| 000 | 01597nam a2200265Ia 4500 | ||
|---|---|---|---|
| 003 | PE SENCICO BE | ||
| 005 | 20260219155432.0 | ||
| 008 | 200515s9999 xx 000 0 und d | ||
| 020 | _a978-9962-04-101-6 | ||
| 040 |
_aPE SENCICO BE _cPE SENCICO BE |
||
| 041 | _aspa | ||
| 082 |
_a720.9252 _bL5 |
||
| 110 | 1 |
_aLexus editores _988 _eautor |
|
| 245 | 1 | 0 |
_aArquitectos japoneses / _cLexus editores ; coordinación editorial: Pablo Pontorno |
| 250 | _a[1a ed.] | ||
| 260 |
_aChina : _bLexus editores ; _c2014 |
||
| 300 |
_a198 páginas : _bilustraciones a color, láminas, planos, diagramas ; _c33 cm. |
||
| 505 | 0 | _aVivienda en Kamakurayama, Naya Architects -- Edificio de Airayakusi, Naya Architects -- Vivienda eb Sangenjaya, Naya Architects -- Estadio Oita, Kisho Kurokawa -- Celluloid Jam, Norisada Maeda -- Machine Head, Norisada Maeda -- Picnic, Norisada Maeda -- Shinkansen, Makoto Sei Watanabe -- Casa Zitkin, Ted Tokio Tanaka -- Ofunado Tsunami Museum, Ted Tokio Tanaka -- Residencia M., Ted Tokio Tanaka -- Casa Eddi, Edward Suzuki -- Estudio de Gamo, Edward Suzuki -- Residencia Yamano, Edward Suzuki -- Triad, Fukimiko Maki -- Asahi TV, Fukimiko Maki -- Casa Picture Window, Shigeru Ban -- Haesly Nine Bridges Golf, Shiberu Ban -- Centro Pompidou, Shigeru Ban -- Casa 4x4, Tadao Ando | |
| 520 | 3 | _aVisión actual de la arquitectura japonesa y de los mas renombrados arquitectos y sus obras. | |
| 650 | 1 | 0 |
_aArquitectos _9317 |
| 650 | 2 | 0 |
_aArquitectura japonesa _9335 |
| 651 | 0 |
_aJapón _9336 |
|
| 700 | 1 |
_aPontorno, Pablo _9119 _ecoordinación editorial |
|
| 942 |
_cLIB _2ddc |
||
| 999 |
_c2259 _d2259 |
||